Indian culture. (Record no. 170)

MARC details
000 -LEADER
fixed length control field 00519cam a2200205ua 4500
008 - FIXED-LENGTH DATA ELEMENTS--GENERAL INFORMATION
fixed length control field 110323n ii |||gr||||Z||||||eng
040 ## - CATALOGING SOURCE
Transcribing agency MAIN
082 ## - DEWEY DECIMAL CLASSIFICATION NUMBER
Classification number 306
245 ## - TITLE STATEMENT
Title Indian culture.
Statement of responsibility, etc. By Suniti Kumar Chatterjee.
250 ## - EDITION STATEMENT
Edition statement 1st.
260 ## - PUBLICATION, DISTRIBUTION, ETC.
Place of publication, distribution, etc. Delhi.:
Name of publisher, distributor, etc. Universal publication.,966.
300 ## - PHYSICAL DESCRIPTION
Extent viii, 110:3 cm.
700 0# - ADDED ENTRY--PERSONAL NAME
Personal name Chatterjee, Suniti Kumar.,
700 1# - ADDED ENTRY--PERSONAL NAME
Personal name Atreya, Bhikhan Lal.,
700 1# - ADDED ENTRY--PERSONAL NAME
Personal name Danielou, Alain.,
942 ## - ADDED ENTRY ELEMENTS (KOHA)
Koha item type Books
653 ## - INDEX TERM--UNCONTROLLED
Uncontrolled term Sociology.
653 ## - INDEX TERM--UNCONTROLLED
Uncontrolled term Indian culture.
Holdings
Withdrawn status Lost status Damaged status Not for loan Home library Current library Shelving location Date acquired Total Checkouts Full call number Barcode Date last seen Copy number Price effective from Koha item type
        Central Library, Naharkatiya College Central Library, Naharkatiya College   19/09/2020   306 | CHA 3413 19/09/2020 1 19/09/2020 Books

Naharkatiya College © 2020. All rights reserved.

Powered By